V. Masár: Dvojitý deficit si vynucuje vysoké úrokové sadzby
Výrazný dvojitý deficit (deficit obchodnej bilancie a verejných financií) slovenského hospodárstva neumožňuje znižovať úrokové sadzby. Snaha NBS stabilizovať úrokové sadzby. Miera oslabenia slovenskej meny. Oslabovanie koruny a medziročné zníženie schodku zahraničného obchodu SR. Nízky prílev priamy...
Saved in:
| Main Author: | |
|---|---|
| Format: | Book Chapter |
| Language: | Slovak |
| Subjects: | |
| Tags: |
No Tags, Be the first to tag this record!
|
MARC
| LEADER | 00000naa a2200000 4500 | ||
|---|---|---|---|
| 001 | r035802 | ||
| 005 | 20230921103735.4 | ||
| 041 | 0 | |a slo | |
| 044 | |a SK | ||
| 245 | 1 | 0 | |a V. Masár: Dvojitý deficit si vynucuje vysoké úrokové sadzby |c Pavol Suďa |
| 520 | |a Výrazný dvojitý deficit (deficit obchodnej bilancie a verejných financií) slovenského hospodárstva neumožňuje znižovať úrokové sadzby. Snaha NBS stabilizovať úrokové sadzby. Miera oslabenia slovenskej meny. Oslabovanie koruny a medziročné zníženie schodku zahraničného obchodu SR. Nízky prílev priamych zahraničných investícií. Aktuálny fiškálny vývoj. | ||
| 610 | 2 | 0 | |a sadzby úrokové |
| 610 | 2 | 0 | |a deficit |
| 610 | 2 | 0 | |a bilancia obchodná |
| 610 | 2 | 0 | |a financie verejné |
| 610 | 2 | 0 | |a koruna |
| 610 | 2 | 0 | |a investície zahraničné |
| 610 | 2 | 0 | |a vývoj hospodársky |
| 610 | 2 | 0 | |a Slovensko |
| 610 | 2 | 0 | |a NBS Bratislava |
| 610 | 2 | 0 | |a politika menová |
| 100 | 1 | |a Suďa, Pavol | |